Quizzes
Events
Quiz Creation
Community
Videos
Private Events
Remove Ads
Sign In
Join for FREE
Feedback
Dark Mode
Quiz Categories
Sports
Geography
Music
Movies
Television
Just For Fun
Miscellaneous
History
Literature
Language
Science
Gaming
Entertainment
Religion
Holiday
For Kids
Quiz Lab
Recent
Popular Today
Quiz Kudos Today
Editor Picks
Curator Picks
Quizzes by...
Day
Popularity
Type
Ratings
Length
Year
Community
Subscriptions
Recent Discussions
Orange Saloon
Badges
Playlists
Quests
Create
Leaderboards
Showdown
Live 5
Trivia Bingo
Activity
Puzzle Library
Sporcle Events
Private Events
Virtual Trivia
Globe League
Become a Host
Pub Owners
SporcleCon
Opinionation
Our Games
Videos
Blog
Mobile Apps
Partnerships
Remove Ads and Go Orange
Feedback
Sports
Athletes
MLB
NBA
NHL
NFL
Soccer
Sports Teams
WWE
NCAA
Football
Premier League
Basketball
Baseball
Hockey
Golf
Tennis
Cricket
Rugby
Auto Racing
Olympics
World Cup
Sports
Athletes
MLB
NBA
NHL
NFL
Soccer
Sports Teams
WWE
NCAA
Football
Premier League
Basketball
Baseball
Hockey
Golf
Tennis
Cricket
Rugby
Auto Racing
Olympics
World Cup
Random Quiz
Search Sporcle
×
Quiz Lab
Quiz Lab
Sports
Hockey
Type in answers that appear in a list
Type in answers that appear in a list
Classic
Best Score? Go Orange.
Evolution of Hockey Stats
Can you name the season in which major changes were made to the NHL rule book
By
justbass77
10m
19 Questions
18 Plays
18 Plays
18 Plays
Comments
Comments
Give Quiz Kudos
Give Quiz Kudos
-
- Ratings
hide this ad
Forced Order
Answers have to be entered in order
Answers have to be entered in order
Replay
Link that replays current quiz
Next Quiz
Link to next quiz in quiz playlist
You Got
0%
They Got
Avg Score
85%
Avg Friend Score
Upgrade to see
Score Distribution
Jump to the score distribution portion of the page
Score
0/19
Timer
10:00
0
Plays Today
Hint
Season
% Correct
Introduction of hybrid icing and a mandate that requires all players with less than 25 games of NHL experience to prior to the start of this season to be required to wear a visor
2013-14
94.4%
Goalies were permitted to fall to the ice to make saves. Previously, a goaltender was penalized for dropping to the ice.
1917-18
88.9%
A five-
minute sudden-
death overtime to be played in regular-
season games tied at the end of regulation was introduced.
1983-84
88.9%
(1) The crease rule was revised to implement a 'no harm, no foul, no video review' standard. (2) Regular-
season games tied at the end of three periods, resulted in each team being
1999-00
88.9%
(1) The center line was eliminated for two-
line passes, and the tag up offside rule was reinstated. (2) Restrictions on the goaltender playing the puck outside a designated area we
2005-06
88.9%
NHL Helmet rule, mandating all players wear helmets who have not signed their NHL contracts before the start of this season
1979-80
88.9%
Two lines were painted on the ice 20 feet from center, creating three playing zones, producing a 40-
foot neutral center ice area. This is also when assists became an official stat.
1918-19
83.3%
A minor penalty would be assessed to any player who delayed the game by passing the puck back into his defensive zone.
1928-29
83.3%
Forward-
passing rules were instituted at the beginning of the season. This more than doubled the number of goals scored
1929-30
83.3%
A further refinement of the offside rule stated that the puck must first be propelled into the attacking zone before any player of the attacking side can enter that zone. This is t
1930-31
83.3%
Hint
Season
% Correct
Rules were introduced that governed icing the puck
1937-38
83.3%
The penalty shot was modified to allow the puck carrier to skate in before shooting.
1938-39
83.3%
Using a zamboni between periods became mandatory.
1940-41
83.3%
A penalty shot was awarded when a player was tripped and thus prevented from having a clear shot on goal, having no player to pass to other than the offending player. Penalty shots
1934-35
83.3%
The red line at center ice was introduced to speed up the game and reduce offside calls. This rule is considered to mark the beginning of the modern era in the NHL. Delayed penalty
1943-44
83.3%
A player serving a minor penalty was allowed to return to the ice when a goal is scored by the opposing team
1956-57
83.3%
Video replays were employed to assist referees in goal/
no goal situations. (2) Major and game misconduct penalties were assessed for checking from behind into boards (boarding). (3
1991-92
83.3%
High sticking was redefined to allow goals that were scored with a stick below the height of the crossbar of the goal frame.
1993-94
83.3%
A rule was implemented that prevented players from leaving their benches to enter into an altercation.
1959-60
77.8%
Quiz Playlist
Details
Report
Send in Message
Add To Playlist
Classic:
Type in answers that appear in a list
Forced Order:
Answers have to be entered in order
Last Updated: Feb 16, 2017
Quiz Scoreboard
CHALLENGE
Sign Up to Join the Scoreboard
Show All
Scores
Hide
Comments
May contain spoilers
Recently Published
1-10 Letter E Words III
by El_Dandy
Language
2m
One Thing in Common: World Cities II
by knightlancer
Geography
7m
Popular People in 1961
by mucciniale
History
6m
More to Explore
Quiz From the Vault
Featured Blog Post
Where Did the Easter Bunny Come From?
hide this ad
You Might Also Like...
Tags
Hockey Quiz
NHL Quiz
rule
Today's Top Quizzes in Sports
Browse Sports
hide this ad
Today's Top Quizzes in Hockey
Browse Hockey
Top Contributed Quizzes in Sports
1
Les meilleurs buteurs des matchs entre le PSG et l’OM
2
Les entraîneurs de l'OM et du PSG au 21e siècle
3
2022 World Cup Stars
4
FIFA Club World Cup Champions
5
Name the Premier League winners with different clubs
6
La finale Lions - Afrique du Sud 2021
7
Criteria MLB: Left Handed Sluggers
8
Players with Multiple 50 Home Run Seasons
9
MLB Players with Two .350 Batting Average Seasons
10
MLB Hall of Famer by Rings
Explore More
Trending Topics
Crossword
Anime
Kpop
Disney
Harry Potter
NBA
Marvel
Soccer
Country
WWE
NFL
Song
Puzzle
Pokémon
The Office
hide this ad
More By:
justbass77
Quiz
Plays
Rating
Category
Featured
Created
Gettysburg Commanders
1,741
5.00
History
Oct 1, 2015
1990-91 Pittsburgh Penguins Stanley Cup Roster
1,474
4.63
Sports
Jan 13, 2016
Astronauts of Project Mercury, Gemini, and Apollo
1,292
4.60
History
Jan 27, 2016
British Military Ranks
966
5.00
History
Jan 9, 2017
2016 Pittsburgh Penguins Stanley Cup Roster
510
5.00
Sports
Jun 13, 2016
Go to Creator's Profile
Score Distribution
Quiz Creator Spotlight
justbass77
Follow
Send a Message
Quizzes Created
-
Created Quiz Play Count
-
More By This Creator
Popular Quizzes Today
1
Find the US States - No Outlines Minefield
2
Find the Countries of Europe - No Outlines Minefield
3
The Countries of the World
4
Popular People in 1961
5
1-10 Letter E Words III
6
Find the US States
7
One Thing in Common: World Cities II
8
US States
More Sports Quizzes
Man United's transfers over the years
Quiz Lab
Trending Quizzes
Risky Map Clicking: Least Populous States A-Z
1-10 Letter F Words
1-10 Letter G Words
One Thing in Common: United Kingdom
Risky Map Clicking: Biggest States A-Z
Recently Updated
Leaping Animals
pecheneg
Reality TV Shows (A-Z)
bhenderson79
Rickey Henderson's Hall of Fame Teammates
pecheneg
Champions League XIs: Arsenal
pecheneg
Quick Pick: Celebrities in WWE's Hall of Fame
aduchscher
A-Z Keypad Blitz II
pecheneg
Multiple Oscar Actors
pecheneg
Mystery Phrase Blitz: Oscar 'Best Actors'
pecheneg
F. Scott Fitzgerald Novels
LTH
Pick 3 Villains
ddd62291
Trending Topics
Disney
Marvel
Crossword
Kpop
Anime
NBA
Harry Potter
Pokémon
Song
Puzzle
WWE
Country
NFL
Soccer
The Office
Your Account Isn't Verified!
In order to create a playlist on Sporcle, you need to verify the email address you used during registration. Go to your
Sporcle Settings
to finish the process.
Report this User
Report this user for behavior that violates our
Community Guidelines
.
Details:
Send Report
Go to the Sporcle.com Mobile Site →
Comments